00635nam a2200181Ia 4500003000500000008004100005040001900046082000700065100004900072245006100121246006100182260004800243300000800291546001200299942001200311999001700323952011300340STCL181203s9999 xx 000 0 und d aSTCLbENcSTCL 222 aHenry, A.N.; Chithra, V.; Balakrishnan, N.P. 0aFlora of Tamil Nadu, India: Series I: Analysis: Volume 3 aFlora of Tamil Nadu, India: Series 1: Analysis: Volume 3 bBotanical Survey of IndiaaCoimbatorec1989 a171 aEnglish 2ddccBK c84817d84817 00102ddc4070aSTCALbSTCALcGENd2018-12-03l0o581.954 HEN-Fp93326r2018-12-03 00:00:00w2018-12-03yBK